000 00475nam a2200181Ia 4500
008 210210b1996 xxu||||| |||| 00| 0 eng d
020 _a0 7069 9935 5
082 _a541.369 RASI
100 _aRASTOGI (R P)
245 _aIntroduction to chemical thermodynamics. Ed.6
250 _a
260 _aND
_bVikas publishing house pvt ltd
_c1996
300 _axv,626
650 _aThermodynamics
690 _aPhysical Chemistry
700 _aMISRA (R R).
906 _a052438
999 _c100748
_d100748